000
00292nam a22001337a 4500
008
181017b xxu||||| |||| 00| 0 eng d
020
_a
9780536402349
041
_a
eng
080
_2
1st
_a
159.9
100
_a
48
101
_a
PSI
245
_a
Psychology
_c
Ciccarelli,S.K
942
_2
udc
_c
BK
999
_c
50021
_d
50021